The Planning and administration of a large estate /

Bibliographic Details
Corporate Author: Practising Law Institute
Other Authors: Koehler, Reginald S.
Format: Book
Language:English
Published: New York, N.Y. : Practising Law Institute, [1981]
Series:Tax law and estate planning series.
Estate planning and administration course handbook series ; no. 129.
Subjects:

MARC

Tag First Indicator Second Indicator Subfields
LEADER 00000cam a2200000 a 4500
001 in00000085751
005 20151008053257.0
008 820401s1981 nyu b 00000 eng
010 |a  81084099  
035 |a (OCoLC)08037434 
035 |9 AAH6898AM 
039 0 |a 2  |b 3  |c 3  |d 3  |e 3 
040 |a DLC  |c DLC  |d TXA  |d UtOrBLW 
043 |a n-us--- 
049 |a TXAM  |c [1561668] 
050 0 0 |a KF6585  |b  P38 1981 
082 0 |a 343.7305/3  |a 347.30353  |2 19 
245 0 4 |a The Planning and administration of a large estate /  |c Reginald S. Koehler III. 
264 1 |a New York, N.Y. :  |b Practising Law Institute,  |c [1981] 
264 4 |c ©1981 
300 |a 504 pages ;  |c 22 cm. 
336 |a text  |b txt  |2 rdacontent 
337 |a unmediated  |b n  |2 rdamedia 
338 |a volume  |b nc  |2 rdacarrier 
490 1 |a Tax law and estate planning series 
490 1 |a Estate planning and administration course handbook series ;  |v no. 129 
500 |a "Prepared for distribution at the planning and administration of a large estate, December 1981-January 1982"--P. 5. 
500 |a "D4-5148." 
504 |a Includes bibliographical references. 
650 0 |a Inheritance and transfer tax  |x Law and legislation  |z United States. 
650 0 |a Estate planning  |z United States. 
700 1 |a Koehler, Reginald S. 
710 2 |a Practising Law Institute. 
830 0 |a Tax law and estate planning series. 
830 0 |a Estate planning and administration course handbook series ;  |v no. 129. 
999 |a MARS 
999 f f |s 86c142a5-8a83-39fa-9f70-127c5fd19dcd  |i 0cca9425-ea2e-3222-a52e-b0d4aaf33ad4  |t 0 
952 f f |p ric  |a Texas A&M University  |b Rellis Campus  |c Joint Library Facility  |d Remote Storage  |t 0  |e KF6585 P38 1981  |h Library of Congress classification  |i unmediated -- volume  |m A14805948454 
998 f f |a KF6585 P38 1981  |t 0  |l Remote Storage